| 000 | 004780000a22001930004500 | ||
|---|---|---|---|
| 001 | 000032 | ||
| 003 | MACL | ||
| 005 | 20151015123628.0 | ||
| 008 | 151015b xxu||||| |||| 00| 0 eng d | ||
| 040 |
_aMACL _cMACL |
||
| 041 | _aEnglish | ||
| 082 | _a921/NIL | ||
| 100 |
_aNilsson, Usha.S _914932 |
||
| 245 |
_aMira Bai _bMakers of indian literature _cUsha.S Nilsson |
||
| 260 |
_aDelhi _c1977 _bSahitya Akademi, |
||
| 350 | _a25 | ||
| 650 |
_aBiography _914933 |
||
| 942 |
_k921 _cBK _2ddc |
||
| 999 |
_c34 _d34 |
||